000
00247nam a2200085Ia 4500
245
0
_a
Oxford school dictionary of word origins
100
_a
AYTO, John Oxford, 2009 New ed
_9
14662
942
_c
BK
008
210817s9999 xx 000 0 und d
999
_c
402878
_d
402877